00925nam a22002537a 450000500170000001000110001702000100002803500110003803700160004904000120006508200210007710000240009824501110012226000440023327000400027730000230031750000510034065000360039165000230042770000250045094200300047599900190050595201470052420170124105935.0 a794309 c00.00 a794309 bCen Lib/Ret aDPLbEN a301.4095451bGOS aGoswami, M.C.99521 aSocial institution of the garo of meghalya :cby M.C. Goswami [and] D.N. Majumdar ban analytical studty / aCalcutta c1972bNababharat Publishers  bCalcutta a72, mahatam gandhi road  ax, 142p.c21cm(Hb) aIncludes bibliographical references and index  aSocial stucture xTribes 99522 aSocial life 98032 aMajumdar, D.N.99524 2ddccENh301.4095451mGOS c124141d124141 04104070aLbLd2015-06-13eCen Lib/Retg0.00l0o301.4095451 GOSp794309r2015-06-13 00:00:00t1v0.00w2015-06-13yENzW/d list no. 6837/5